| 000 | 00597 a2200193 4500 | ||
|---|---|---|---|
| 003 | OSt | ||
| 005 | 20180116182710.0 | ||
| 008 | 160427b xxu||||| |||| 00| 0 eng d | ||
| 020 | _a9788120312234 | ||
| 040 | _c0 | ||
| 082 | _a332.6323 NEW 1988 | ||
| 100 | _aStaff of New York Institute of Finance | ||
| 110 | 0 | _aStaff of new York Institute of Finance | |
| 245 | 1 |
_aHow the Bond Market Works _cby Staff of new York Institute of Finance |
|
| 260 |
_aNew Dehli _c1997 _bPrentic Hall, |
||
| 300 |
_a278 p. _bpb. |
||
| 440 | _aHow the Bond Market Works | ||
| 942 |
_aNBS _cBK _k332.6323 NEW 1988 _2ddc |
||
| 999 |
_c344361 _d344361 |
||